[Event "South Wales Late Summer op"]
[Site "Cardiff"]
[Date "2022.09.04"]
[Round "4"]
[White "Chung, Ethan Cheung Jing"]
[Black "Kong, Emma Zihan"]
[Result "1/2-1/2"]
[WhiteElo "1570"]
[BlackElo "1270"]
[PlyCount "91"]
[EventDate "2022.09.02"]
[EventType "swiss"]
[EventRounds "5"]
[EventCountry "WLS"]
[SourceTitle "EXT 2024"]
[Source "ChessBase"]
[SourceDate "2023.10.10"]
[SourceVersion "1"]
[SourceVersionDate "2023.10.10"]
[SourceQuality "1"]

1. e4 c5 2. Nf3 d6 3. d4 cxd4 4. Nxd4 Nf6 5. Nc3 a6 6. Be3 e5 7. Nb3 Be7 8. Bc4 Nbd7 9. Qd3 b6 10. Bd5 Rb8 11. 0-0 0-0 12. f4 exf4 13. Bxf4 Nc5 14. Nxc5 bxc5 15. Rad1 Qb6 16. Kh1 a5 17. e5 Ba6 18. Bc4 Bxc4 19. Qxc4 dxe5 20. Bxe5 Rbd8 21. Bxf6 Bxf6 22. Nd5 Qxb2 23. Nxf6+ gxf6 24. Rxd8 Rxd8 25. Qxc5 Qxa2 26. Qe7 Rf8 27. Qxf6 Qxc2 28. Qg5+ Qg6 29. Qxa5 Rb8 30. h4 Qg4 31. Qe1 Rd8 32. Rf3 Kf8 33. Qf2 Rd1+ 34. Kh2 Rd7 35. Qc5+ Re7 36. Qf2 Qe4 37. Qg3 Qe5 38. Qxe5 Rxe5 39. g4 Kg7 40. Kg3 Re4 41. h5 h6 42. Rf5 Re1 43. Rf2 Rg1+ 44. Kf4 Ra1 45. Re2 Rf1+ 46. Kg3 1/2-1/2

[Event "EU-ch Hybrid U14"]
[Site "Tornelo INT"]
[Date "2021.10.15"]
[Round "4"]
[White "Chung, Ethan Cheung Jing"]
[Black "Omarsson, Adam"]
[Result "1-0"]
[WhiteElo "1619"]
[BlackElo "1467"]
[PlyCount "85"]
[EventDate "2021.10.15"]
[EventType "swiss"]
[EventRounds "9"]
[EventCountry "NET"]
[SourceTitle "EXT 2023"]
[Source "ChessBase"]
[SourceDate "2022.10.05"]
[SourceVersion "1"]
[SourceVersionDate "2022.10.05"]
[SourceQuality "1"]
[WhiteTeam "Wales"]
[BlackTeam "Island"]
[WhiteTeamCountry "WLS"]
[BlackTeamCountry "ISL"]

1. e4 g6 2. d4 Bg7 3. Nf3 d6 4. Be3 Nf6 5. Nc3 0-0 6. Qd2 e5 7. 0-0-0 exd4 8. Nxd4 c6 9. h4 Ng4 10. Be2 Nxe3 11. Qxe3 b5 12. g4 b4 13. Nb1 Qa5 14. Bc4 Bxg4 15. Rdg1 Qh5 16. Nd2 c5 17. N4f3 Nc6 18. Bd5 Rac8 19. Rg3 Nd4 20. Nxd4 Bxd4 21. Qf4 Be2 22. Rg5 Qh6 23. Rhg1 Qg7 24. Qxd6 Bxb2+ 25. Kb1 Ba1 26. Rxg6 hxg6 27. Rxg6 Be5 28. Rxg7+ Bxg7 29. Qg3 Kh7 30. Nf3 Bxf3 31. Qxf3 Rcd8 32. Qf5+ Kg8 33. Qf4 a6 34. h5 Rxd5 35. exd5 Re8 36. c4 bxc3 37. Qg4 Rb8+ 38. Kc1 Kh7 39. Qf5+ Kg8 40. d6 Rb2 41. d7 Bh6+ 42. f4 Rd2 43. Qf6 1-0

[Event "Wch FIDE Online U14 Europe qual"]
[Site "Tornelo INT"]
[Date "2020.12.07"]
[Round "2"]
[White "Chung, Ethan Cheung Jing"]
[Black "Vucenovic, Damian"]
[Result "0-1"]
[WhiteElo "1451"]
[BlackElo "1600"]
[PlyCount "82"]
[EventDate "2020.12.07"]
[EventType "swiss (rapid)"]
[EventRounds "7"]
[EventCountry "ISS"]
[SourceTitle "EXT 2022"]
[Source "ChessBase"]
[SourceDate "2021.10.06"]
[SourceVersion "1"]
[SourceVersionDate "2021.10.06"]
[SourceQuality "1"]

1. e4 e5 2. f4 Bc5 3. Nf3 d6 4. Bc4 Nc6 5. Nc3 Nf6 6. d3 Be6 7. Nd5 h6 8. Bd2 Nd7 9. Qe2 Bg4 10. Qf1 Bxf3 11. Qxf3 Nd4 12. Qd1 c6 13. Nc3 Qh4+ 14. g3 Qh3 15. Be3 Qg2 16. Rf1 Nxc2+ 17. Qxc2 Qxc2 18. Bxc5 Qxb2 19. Na4 Qxa1+ 20. Ke2 Qxf1+ 21. Kxf1 Nxc5 22. Nxc5 dxc5 23. fxe5 0-0-0 24. Ke2 Rhe8 25. Bxf7 Rxe5 26. Ke3 Rf8 27. Bg6 b5 28. g4 b4 29. Bf5+ Kc7 30. Kf4 Kd6 31. Ke3 a5 32. d4 cxd4+ 33. Kxd4 c5+ 34. Kc4 Rfxf5 35. exf5 Re4+ 36. Kd3 Rxg4 37. Ke3 c4 38. Kd2 c3+ 39. Kc2 a4 40. a3 Rg2+ 41. Kc1 b3 0-1

[Event "South Wales Autumn Premier"]
[Site "Newport"]
[Date "2019.11.16"]
[Round "2"]
[White "Headlong, Georgia"]
[Black "Chung, Ethan Cheung Jing"]
[Result "0-1"]
[WhiteElo "1497"]
[BlackElo "1652"]
[PlyCount "120"]
[EventDate "2019.11.15"]
[EventType "swiss"]
[EventRounds "5"]
[EventCountry "WLS"]
[SourceTitle "EXT 2022"]
[Source "ChessBase"]
[SourceDate "2021.10.06"]
[SourceVersion "1"]
[SourceVersionDate "2021.10.06"]
[SourceQuality "1"]

1. e4 d5 2. exd5 Qxd5 3. Nc3 Qa5 4. d4 c6 5. Nf3 Nf6 6. Bf4 Bg4 7. h3 Bh5 8. g4 Bg6 9. Ne5 Nbd7 10. Nc4 Qd8 11. Qe2 e6 12. Nd6+ Bxd6 13. Bxd6 Nb6 14. Qe5 Qd7 15. 0-0-0 0-0-0 16. Bb8 Nbd5 17. Bxa7 Qc7 18. Nxd5 Nxd5 19. Qxc7+ Kxc7 20. c4 Nb4 21. Bc5 Nxa2+ 22. Kd2 b6 23. Ba3 Rxd4+ 24. Ke2 Rxd1 25. Kxd1 Rd8+ 26. Ke2 Nc1+ 27. Kf3 Rd1 28. Bf8 Bd3 29. Kg2 g6 30. Bh6 Bxf1+ 31. Rxf1 Rxf1 32. Kxf1 Nd3 33. Bg7 b5 34. cxb5 cxb5 35. h4 Kd6 36. Ke2 Ne5 37. g5 Kd5 38. Ke3 Nc4+ 39. Kd3 Nd6 40. Kc3 Nf5 41. Bf6 Nxh4 42. Kb4 Kc6 43. f4 Nf5 44. Be5 h5 45. gxh6 Nxh6 46. Kc3 Ng4 47. Bd4 f6 48. Kd3 e5 49. fxe5 fxe5 50. Bg1 Kd5 51. b3 e4+ 52. Ke2 Ne5 53. Be3 Nc6 54. Kf2 Nd4 55. Bg5 Nxb3 56. Ke3 Nd4 57. Bf6 Nf5+ 58. Kf4 b4 59. Kg4 b3 60. Kf4 Nd4 0-1

[Event "EU Union-ch U12 17th"]
[Site "Mureck"]
[Date "2019.08.07"]
[Round "8"]
[White "Chung, Ethan Cheung Jing"]
[Black "Sizov, Lev1111"]
[Result "1-0"]
[WhiteElo "1572"]
[BlackElo "1234"]
[PlyCount "93"]
[EventDate "2019.07.31"]
[EventType "swiss"]
[EventRounds "9"]
[EventCountry "AUT"]
[SourceTitle "EXT 2020"]
[Source "ChessBase"]
[SourceDate "2019.10.17"]
[SourceVersion "1"]
[SourceVersionDate "2019.10.17"]
[SourceQuality "1"]

1. e4 c5 2. d4 cxd4 3. c3 dxc3 4. Nxc3 Nc6 5. Nf3 Nf6 6. Bc4 e6 7. 0-0 Bc5 8. Qe2 a6 9. Bg5 Be7 10. Rfd1 0-0 11. Bb3 b5 12. Bc2 Qc7 13. e5 Nb4 14. exf6 gxf6 15. Bh6 Nxc2 16. Qxc2 b4 17. Bxf8 Bxf8 18. Rac1 bxc3 19. Qxc3 Qxc3 20. Rxc3 d5 21. a3 f5 22. Rdc1 Bd7 23. Rc7 Rd8 24. Ne5 Bb5 25. Nxf7 Rd7 26. Rxd7 Bxd7 27. Ng5 Bh6 28. h4 Bb5 29. Rc8+ Kg7 30. Nxe6+ Kf6 31. Nc7 d4 32. Nxb5 axb5 33. Rc6+ Kg7 34. Rd6 Bc1 35. Rxd4 Bxb2 36. Rd3 Kf6 37. Rb3 Bc1 38. Rxb5 Bxa3 39. g3 Be7 40. Kg2 Bd8 41. Kf3 h5 42. Rc5 Be7 43. Rc6+ Kg7 44. Kf4 Bb4 45. Kxf5 Be1 46. Rg6+ Kf7 47. f4 1-0

[Event "EU Union-ch U12 17th"]
[Site "Mureck"]
[Date "2019.08.01"]
[Round "2"]
[White "Chung, Ethan Cheung Jing"]
[Black "Leitgeb, Julian"]
[Result "1-0"]
[WhiteElo "1572"]
[BlackElo "1347"]
[PlyCount "145"]
[EventDate "2019.07.31"]
[EventType "swiss"]
[EventRounds "9"]
[EventCountry "AUT"]
[SourceTitle "EXT 2020"]
[Source "ChessBase"]
[SourceDate "2019.10.17"]
[SourceVersion "1"]
[SourceVersionDate "2019.10.17"]
[SourceQuality "1"]

1. e4 e5 2. Nf3 Nc6 3. Bc4 Bc5 4. Nc3 Nf6 5. 0-0 d6 6. h3 0-0 7. d3 h6 8. Be3 Bb6 9. Qd2 Na5 10. Bb3 Nxb3 11. axb3 c6 12. Ra4 Bd7 13. d4 exd4 14. Bxd4 Bxd4 15. Rxd4 Ne8 16. e5 d5 17. Nxd5 cxd5 18. Rxd5 Nc7 19. Rxd7 Qc8 20. Rd1 Ne6 21. Nh4 Qc5 22. Rd5 Qc6 23. Nf5 Kh7 24. Ne7 Qc7 25. Qd3+ Kh8 26. Rd7 Qxe5 27. Rxb7 Nc5 28. Qb5 Qg5 29. Rc7 Ne6 30. Qxg5 hxg5 31. Rcd7 Rfe8 32. Nc6 Rac8 33. Ne5 Rxc2 34. Nxf7+ Kg8 35. Re1 Rf8 36. Rxe6 Rxf7 37. Re8+ Rf8 38. Rxf8+ Kxf8 39. Rxa7 Rxb2 40. Rb7 Kg8 41. f3 Kh7 42. Kh2 Kg6 43. Kg3 Kf5 44. b4 g6 45. b5 Kf6 46. b6 Rb4 47. Rb8 Kf7 48. b7 Kg7 49. Kf2 Rb3 50. Ke2 Rb2+ 51. Kd3 Rb1 52. g3 Rb3+ 53. Kc4 Rb1 54. f4 gxf4 55. gxf4 Rc1+ 56. Kd4 Rb1 57. Ke4 Re1+ 58. Kf3 Rf1+ 59. Kg4 Rg1+ 60. Kh4 Rb1 61. Kg3 Rg1+ 62. Kf2 Rb1 63. h4 Rb2+ 64. Kf3 Rb1 65. h5 gxh5 66. f5 h4 67. f6+ Kf7 68. Rh8 Rb3+ 69. Kg4 Rb4+ 70. Kh3 Rb3+ 71. Kxh4 Rb4+ 72. Kg3 Rb3+ 73. Kf2 1-0

[Event "GBR-ch Soanes op 106th"]
[Site "Torquay"]
[Date "2019.07.27"]
[Round "2"]
[White "Chung, Ethan Cheung Jing"]
[Black "Wilby, Robert G"]
[Result "1/2-1/2"]
[WhiteElo "1572"]
[BlackElo "1757"]
[PlyCount "95"]
[EventDate "2019.07.26"]
[EventType "swiss"]
[EventRounds "5"]
[EventCountry "ENG"]
[SourceTitle "EXT 2021"]
[Source "ChessBase"]
[SourceDate "2020.10.23"]
[SourceVersion "1"]
[SourceVersionDate "2020.10.23"]
[SourceQuality "1"]

1. e4 Nf6 2. e5 Nd5 3. Nc3 Nb6 4. d4 d5 5. f4 Bf5 6. Nf3 e6 7. Bd3 Bg6 8. 0-0 Be7 9. Be3 N8d7 10. Kh1 f5 11. Qe1 Bf7 12. Qg3 Rg8 13. Ng5 Bxg5 14. fxg5 Nf8 15. h4 g6 16. Ne2 Rh8 17. Nf4 h6 18. Kg1 hxg5 19. hxg5 Qe7 20. a4 Nbd7 21. c4 dxc4 22. Bxc4 Nb6 23. Bb3 c6 24. Bd2 Nd5 25. Bxd5 exd5 26. b4 Ne6 27. Nxe6 Bxe6 28. b5 Bd7 29. bxc6 bxc6 30. Rfe1 Be6 31. Rab1 Rh5 32. Qc3 Qc7 33. Qc5 Rc8 34. a5 Qh7 35. Qd6 Rh1+ 36. Kf2 Qh4+ 37. Kf3 Qg4+ 38. Kf2 Qxd4+ 39. Be3 Qh4+ 40. Ke2 Rxe1+ 41. Rxe1 Qg4+ 42. Kd2 f4 43. Bc5 Kf7 44. Qe7+ Kg8 45. Rh1 Qxg2+ 46. Kc3 Qf3+ 47. Kd2 Qg2+ 48. Kc3 1/2-1/2

[Event "GBR-ch Soanes op 106th"]
[Site "Torquay"]
[Date "2019.07.27"]
[Round "3"]
[White "Di Vetta, Andrew"]
[Black "Chung, Ethan Cheung Jing"]
[Result "1/2-1/2"]
[WhiteElo "1735"]
[BlackElo "1572"]
[PlyCount "154"]
[EventDate "2019.07.26"]
[EventType "swiss"]
[EventRounds "5"]
[EventCountry "ENG"]
[SourceTitle "EXT 2021"]
[Source "ChessBase"]
[SourceDate "2020.10.23"]
[SourceVersion "1"]
[SourceVersionDate "2020.10.23"]
[SourceQuality "1"]

1. e4 e5 2. Nf3 Nc6 3. Bb5 d6 4. 0-0 Nf6 5. Re1 Bg4 6. c3 Be7 7. d4 exd4 8. cxd4 a6 9. Bxc6+ bxc6 10. Nc3 0-0 11. Qa4 Bxf3 12. gxf3 Qd7 13. Qa5 c5 14. dxc5 dxc5 15. Be3 Qc6 16. Rac1 Nd7 17. Nd5 Qg6+ 18. Kf1 Bd6 19. Nf4 Qf6 20. Qd2 Ne5 21. Qc3 Qh4 22. Ke2 Rab8 23. Rg1 Ng6 24. Nd3 c4 25. Qxc4 Ne5 26. Qc3 f6 27. Nf4 Kh8 28. Ne6 Rf7 29. Nd4 Qh5 30. Bd2 Rd7 31. Nc6 Rb6 32. Nxe5 Bxe5 33. Qc5 Qe8 34. Bc3 Bf4 35. Rcd1 Rbd6 36. Qf5 Bh6 37. Rxd6 Rxd6 38. Rd1 Rxd1 39. Kxd1 Qd8+ 40. Kc2 Qe8 41. b3 c6 42. f4 Kg8 43. e5 Qg6 44. Qxg6 hxg6 45. exf6 gxf6 46. Bxf6 Bxf4 47. h4 Kf7 48. Bg5 Bd6 49. Kd3 Ke6 50. Ke4 Bc5 51. f4 Bf8 52. h5 gxh5 53. f5+ Kd6 54. Bf4+ Ke7 55. Be5 Bh6 56. Kd4 Bg5 57. Kc5 Bf6 58. Bf4 a5 59. Kxc6 Bc3 60. Kd5 Kf6 61. Ke4 h4 62. Bd6 Bb4 63. Be5+ Kf7 64. Kf4 Bd2+ 65. Kg4 Be1 66. Bf4 Kf6 67. Bg5+ Ke5 68. f6 Ke6 69. a3 Bc3 70. Bxh4 Bxf6 71. Bxf6 Kxf6 72. Kf4 Ke6 73. Ke4 Kd6 74. Kd4 Kc6 75. b4 axb4 76. axb4 Kd6 77. Kc4 Kc6 1/2-1/2

[Event "GBR-ch Soanes op 106th"]
[Site "Torquay"]
[Date "2019.07.26"]
[Round "1"]
[White "Goodfellow, Russell Robert"]
[Black "Chung, Ethan Cheung Jing"]
[Result "0-1"]
[WhiteElo "1749"]
[BlackElo "1572"]
[PlyCount "112"]
[EventDate "2019.07.26"]
[EventType "swiss"]
[EventRounds "5"]
[EventCountry "ENG"]
[SourceTitle "EXT 2021"]
[Source "ChessBase"]
[SourceDate "2020.10.23"]
[SourceVersion "1"]
[SourceVersionDate "2020.10.23"]
[SourceQuality "1"]

1. e4 e5 2. Nf3 Nc6 3. d4 exd4 4. Nxd4 Nf6 5. Nxc6 bxc6 6. Qe2 Bb4+ 7. Bd2 Rb8 8. Nc3 0-0 9. 0-0-0 Re8 10. f3 Qe7 11. Qe1 Ba3 12. Na4 d5 13. e5 Nd7 14. Bc3 Bb4 15. f4 Bxc3 16. Qxc3 Qb4 17. Rd4 Qb7 18. b3 f6 19. exf6 Nxf6 20. Nc5 Qb6 21. Bd3 Be6 22. h3 Bf7 23. g4 Re7 24. Ra4 Nd7 25. Nxd7 Rxd7 26. Ra6 Qe3+ 27. Qd2 Qxd2+ 28. Kxd2 d4 29. Re1 Bd5 30. Be4 Ra8 31. Bxd5+ cxd5 32. Kd3 c5 33. Rc6 Rf8 34. f5 g6 35. f6 g5 36. Re5 h6 37. h4 gxh4 38. Rh5 Kh7 39. Rxh4 Kg6 40. f7+ Kg5 41. Rhxh6 Kxg4 42. Rcg6+ Kf5 43. Rf6+ Ke5 44. Re6+ Kf5 45. Rhf6+ Kg5 46. Re8 Rdxf7 47. Rxf8 Rxf6 48. Rg8+ Kf4 49. Rc8 Ke5 50. Rxc5 Rf3+ 51. Ke2 Rc3 52. Rxc3 dxc3 53. Kd3 d4 54. Kc4 Ke4 55. b4 Ke3 56. b5 d3 0-1

[Event "South Wales op 16th"]
[Site "Cardiff"]
[Date "2019.07.08"]
[Round "3"]
[White "Ong, Weng Yan"]
[Black "Chung, Ethan Cheung Jing"]
[Result "1-0"]
[WhiteElo "1624"]
[BlackElo "1572"]
[PlyCount "111"]
[EventDate "2019.07.07"]
[EventType "swiss"]
[EventRounds "9"]
[EventCountry "WLS"]
[SourceTitle "CBM 191 Extra"]
[Source "ChessBase"]
[SourceDate "2019.09.30"]
[SourceVersion "1"]
[SourceVersionDate "2019.09.30"]
[SourceQuality "1"]

1. e4 d5 2. exd5 Qxd5 3. Nc3 Qa5 4. d4 Nf6 5. Bd3 Bg4 6. f3 Bh5 7. Nge2 e6 8. Bd2 c6 9. 0-0 Bd6 10. Ne4 Qd8 11. Nxd6+ Qxd6 12. c3 Bg6 13. Bf4 Qd8 14. Bg5 Nbd7 15. Ng3 h6 16. Bxf6 Nxf6 17. Bxg6 fxg6 18. Re1 Kf7 19. Ne2 Re8 20. Nf4 g5 21. Nd3 Kg8 22. Qc2 Qd5 23. Re5 Qd6 24. Rae1 b6 25. R5e2 Nd7 26. Ne5 Nxe5 27. Rxe5 Kf7 28. Qf2 Rac8 29. Qg3 g6 30. Rxg5 Qxg3 31. Rxg3 c5 32. dxc5 Rxc5 33. Rg4 Rd5 34. Rf4+ Kg7 35. Rfe4 Kf6 36. Kf2 g5 37. g3 Re7 38. R1e2 Rd6 39. Rd4 Rc6 40. c4 e5 41. Rde4 Rd6 42. f4 Rde6 43. Rxe5 Rxe5 44. Rxe5 Rxe5 45. fxe5+ Kxe5 46. Ke3 g4 47. b3 a6 48. a3 a5 49. b4 a4 50. Kd3 h5 51. Ke3 Ke6 52. Kd4 Kd6 53. b5 Kc7 54. c5 bxc5+ 55. Kxc5 Kb7 56. b6 1-0